000 00458pab a2200157 454500
008 180718b2015 xxu||||| |||| 00| 0 eng d
100 _aKannan, K.P.
245 _aGrowth without inclusion: the Gujarat model for India's development exposed
260 _c2015
300 _ap.653-676.
362 _aOct-Dec
650 _aEconomic growth - India - Gujarat
650 _aEconomic growth
773 _aIndian Journal of Labour Economics
909 _a113418
999 _c113413
_d113413